Statistiques concernant Gagnants de l'Euro

Cliquez ici pour prendre le quiz!

Statistiques générales

  • Ce quiz a été pris 1 346 fois
    (1 151 depuis la dernière actualisation)
  • Le résultat moyen est 14 sur 16

Statistiques - réponses

AnnéeGagnant% Correct
2000France
100%
1984France
100%
1968Italie
100%
2021 (2020)Italie
100%
2016Portugal
100%
1964Espagne
99%
2008Espagne
99%
2012Espagne
99%
1996Allemagne
97%
1972Allemagne de l'Ouest
97%
1980Allemagne de l'Ouest
97%
2004Grèce
84%
1988Pays-Bas
78%
1960Union Soviétique
76%
1992Danemark
65%
1976Tchécoslovaquie
51%

Distribution des résultats

Percentile par nombre de réponses

% des personnes avec chaque résultat

Votre développement - résultats

Vous n’avez pas pris ce quiz depuis la dernière actualisation